000 00620nam a2200253Ia 4500
005 20260306153822.0
008 008 260114s9999 xx 000 0 eng d
020 _a9781139542449
037 _aEBOOK
040 _aCRL
040 _beng
040 _cCRL
041 _2eng
041 _aeng
084 _qCRL
100 _aMonroe/Lampros-Monroe/Pellecchia
_91126291
245 2 _aA Darkling Plain 1st ed
260 _bCambridge University Press
260 _c2014
650 _aPolitical Science
856 _uhttps://doi.org/10.1017/CBO9781139542449
942 _cEBOOK
999 _c1705024
_d1705024